Loading...

Academic writing A practical guide for students /

Bibliographic Details
Main Author: Bailey, Stephen
Language:Undetermined
Published: New York : Routledge , 2003.
Subjects:
LEADER 00579nam a2200169Ia 4500
001 139798
008 170722s9999 xx 000 0 und d
020 |a 0746868386 
100 |a Bailey, Stephen 
245 |a Academic writing  |b A practical guide for students / 
260 |a New York :  |b Routledge ,  |c 2003. 
300 |a 192 p. 
653 |a Academic Writing 
923 |d 20040826  |n TY/89 
942 |c GEN 
999 |c 129435  |d 129435 
952 |0 0  |1 0  |4 0  |6 P_793OBT44_P3  |7 0  |9 182961  |a LIB  |b LIB  |d 2013-03-25  |e TBS Publishers&Distributors  |l 5  |o P:793obT4:4 P3  |p 254762  |r 2020-03-07  |s 2020-02-08  |w 2017-08-12  |y GEN